000
00203 a2200097 4500
001
30202
100
_a
Greene
245
_a
Stamboul Train
260
_a
England
_b
Penguin Books
_c
090
_c
20145
_d
20145
942
_a
NUST-CAE
_c
M
_c
11276
999
_c
265275
_d
265275